Normal view MARC view

Entry Geographic Name

Number of records used in: 1

001 - CONTROL NUMBER

  • control field: 3401

003 - CONTROL NUMBER IDENTIFIER

  • control field: dpl

005 - DATE AND TIME OF LATEST TRANSACTION

  • control field: 20100731144747.0

008 - FIXED-LENGTH DATA ELEMENTS

  • fixed length control field: 100731|||a|||||| | ||| d

040 ## - CATALOGING SOURCE

  • Original cataloging agency: dpl
  • Transcribing agency: dpl

151 ## - HEADING--GEOGRAPHIC NAME

  • Geographic name: India
  • General subdivision: Politics and government
  • Chronological subdivision: 1977-

670 ## - SOURCE DATA FOUND

  • Source citation: Work cat.: (dpl)37086: Kohli, Atul 874, Democracy and development in India : , 2009

670 ## - SOURCE DATA FOUND

  • Source citation: Work cat.: (dpl)37086: Kohli, Atul 874, Democracy and development in India : , 2009

© Delhi Public Library
Hit Counter
free hit counter